[Event "Isle of Wight International"]
[Site "Ryde"]
[Date "2025.02.22"]
[Round "7.10"]
[White "Collin, Moritz Valentin"]
[Black "Willow, Jonah B"]
[Result "0-1"]
[WhiteElo "2240"]
[BlackElo "2459"]
[PlyCount "72"]
[EventDate "2025.02.18"]
[EventType "swiss"]
[EventRounds "9"]
[EventCountry "ENG"]
[SourceTitle "BritBase"]
[Source "John Saunders"]
[SourceDate "2025.02.21"]
[SourceVersion "1"]
[SourceVersionDate "2025.02.21"]
[SourceQuality "1"]

1. d4 d6 2. c4 e5 3. Nc3 exd4 4. Qxd4 Nc6 5. Qd2 Nf6 6. b3 a5 7. Bb2 a4 8. Rd1 axb3 9. axb3 g6 10. e4 Bg7 11. Bd3 O-O 12. Nge2 Nd7 13. Nd5 Nce5 14. Bb1 c6 15. Ne3 Nc5 16. b4 Na4 17. Bxe5 Bxe5 18. c5 Nb2 19. Rc1 dxc5 20. Qxd8 Rxd8 21. bxc5 Be6 22. O-O Rd2 23. Rc2 Rxc2 24. Bxc2 Ra5 25. f4 Bg7 26. f5 Bc8 27. Bb3 Ra3 28. Nc1 Bd4 29. Kf2 Nc4 30. fxg6 Nxe3 31. gxf7+ Kf8 32. Rh1 Bxc5 33. Kg3 Nc2 34. Kh4 Nd4 35. Ba2 Be7+ 36. Kh5 Kg7 0-1

[Event "Isle of Wight International"]
[Site "Ryde"]
[Date "2025.02.22"]
[Round "7.11"]
[White "Roberson, Peter T"]
[Black "Houska, Jovanka"]
[Result "1/2-1/2"]
[WhiteElo "2444"]
[BlackElo "2344"]
[PlyCount "94"]
[EventDate "2025.02.18"]
[EventType "swiss"]
[EventRounds "9"]
[EventCountry "ENG"]
[SourceTitle "BritBase"]
[Source "John Saunders"]
[SourceDate "2025.02.21"]
[SourceVersion "1"]
[SourceVersionDate "2025.02.21"]
[SourceQuality "1"]

1. e4 c6 2. d4 d5 3. e5 Bf5 4. Nd2 e6 5. Nb3 Nd7 6. Nf3 Rc8 7. c3 Bg6 8. Be2 Nh6 9. O-O Nf5 10. Bd2 Be7 11. g4 Nh6 12. Ne1 f6 13. exf6 Bxf6 14. f4 Be7 15. Bd3 Bxd3 16. Nxd3 c5 17. dxc5 Nxc5 18. Nbxc5 Bxc5+ 19. Kg2 Bb6 20. Qa4+ Qd7 21. Qxd7+ Kxd7 22. Ne5+ Kc7 23. f5 exf5 24. gxf5 Rce8 25. Rae1 Rhf8 26. Bf4 Kc8 27. Bxh6 gxh6 28. Nd3 Rxe1 29. Nxe1 Kd7 30. Nc2 Ke7 31. Nd4 Bxd4 32. cxd4 Rc8 33. Re1+ Kf6 34. Re5 Rc2+ 35. Kg3 Rxb2 36. Rxd5 Rxa2 37. Kf4 Rf2+ 38. Ke4 Re2+ 39. Kf4 Rf2+ 40. Ke4 Rxh2 41. Rd7 Re2+ 42. Kd5 Rb2 43. Rxh7 a5 44. Rxh6+ Kxf5 45. Rh8 a4 46. Rf8+ Kg6 47. Ra8 Kf7 1/2-1/2

[Event "Isle of Wight International"]
[Site "Ryde"]
[Date "2025.02.22"]
[Round "7.12"]
[White "Zhou, Yang-Fan"]
[Black "Fischer, Daniel"]
[Result "1/2-1/2"]
[WhiteElo "2427"]
[BlackElo "2341"]
[PlyCount "89"]
[EventDate "2025.02.18"]
[EventType "swiss"]
[EventRounds "9"]
[EventCountry "ENG"]
[SourceTitle "BritBase"]
[Source "John Saunders"]
[SourceDate "2025.02.21"]
[SourceVersion "1"]
[SourceVersionDate "2025.02.21"]
[SourceQuality "1"]

1. e4 e5 2. Nf3 Nc6 3. Bc4 Bc5 4. d3 Nf6 5. c3 d6 6. O-O a6 7. a4 h6 8. Re1 O-O 9. h3 Re8 10. Nbd2 Be6 11. Bxe6 Rxe6 12. b4 Ba7 13. Bb2 Ne7 14. Nf1 Ng6 15. c4 Nh7 16. Bc1 Nh4 17. Nxh4 Qxh4 18. Be3 Bxe3 19. Nxe3 a5 20. Nf5 Qd8 21. b5 Nf8 22. d4 Nd7 23. Ra3 Kh7 24. dxe5 Nxe5 25. f4 Nd7 26. Qd5 Rb8 27. Qd2 Nc5 28. Rae3 Ra8 29. Qc2 g6 30. Nd4 Re8 31. Ne2 Qf6 32. Nc3 Qd4 33. Nd5 Rxe4 34. Rd1 Qxc4 35. Rc3 Re1+ 36. Rxe1 Qxd5 37. Re7 Kg8 38. Rce3 Qd4 39. Kh1 Rf8 40. f5 g5 41. Qe2 Qa1+ 42. Kh2 Qf6 43. Rxc7 Qxf5 44. Rf3 Qd5 45. Qe7 1/2-1/2

[Event "Isle of Wight International"]
[Site "Ryde"]
[Date "2025.02.22"]
[Round "7.13"]
[White "Vestby-Ellingsen, Mads"]
[Black "Banerjee, Supratit"]
[Result "1-0"]
[WhiteElo "2406"]
[BlackElo "2264"]
[PlyCount "121"]
[EventDate "2025.02.18"]
[EventType "swiss"]
[EventRounds "9"]
[EventCountry "ENG"]
[SourceTitle "BritBase"]
[Source "John Saunders"]
[SourceDate "2025.02.21"]
[SourceVersion "1"]
[SourceVersionDate "2025.02.21"]
[SourceQuality "1"]

1. e4 c6 2. d4 d5 3. Nd2 dxe4 4. Nxe4 Nf6 5. Qd3 Nxe4 6. Qxe4 Be6 7. Qe3 Nd7 8. Nf3 Nf6 9. c4 g6 10. Be2 Bg7 11. h3 O-O 12. O-O b5 13. b3 a5 14. Ne5 Rc8 15. Bf3 Qb6 16. Ba3 Rfe8 17. Rad1 bxc4 18. bxc4 Bf5 19. Rfe1 Nd7 20. Nxd7 Bxd7 21. Bxe7 Be6 22. Bc5 Qc7 23. Ba3 Qd7 24. Qc1 h5 25. Bb2 Qb7 26. Re2 Bf5 27. Rxe8+ Rxe8 28. Ba1 Qa6 29. d5 cxd5 30. Bxg7 Kxg7 31. cxd5 Qd6 32. Qc3+ Re5 33. Qxa5 Qf6 34. Qa3 Kh6 35. d6 Bd7 36. Qa7 Qf5 37. Qb8 Kg7 38. Qb4 Kh6 39. Re1 Rxe1+ 40. Qxe1 Kg7 41. Qe7 Bb5 42. Qe4 Qc5 43. Qd5 Qc1+ 44. Kh2 Bd7 45. Qd4+ Kg8 46. h4 Qc2 47. Bd5 Qf5 48. g3 Qh3+ 49. Kg1 Qf5 50. Qe4 Qf6 51. Qe7 Qf5 52. Be4 Qg4 53. Qe5 Qd1+ 54. Kg2 Qg4 55. Bf3 Qa4 56. Bd5 Qb5 57. a4 Qxa4 58. Qe7 Be8 59. Bxf7+ Bxf7 60. d7 Qe4+ 61. Qxe4 1-0

[Event "Isle of Wight International"]
[Site "Ryde"]
[Date "2025.02.22"]
[Round "7.14"]
[White "Boswell, Jacob Connor"]
[Black "Greet, Andrew N"]
[Result "1/2-1/2"]
[WhiteElo "2214"]
[BlackElo "2398"]
[PlyCount "106"]
[EventDate "2025.02.18"]
[EventType "swiss"]
[EventRounds "9"]
[EventCountry "ENG"]
[SourceTitle "BritBase"]
[Source "John Saunders"]
[SourceDate "2025.02.21"]
[SourceVersion "1"]
[SourceVersionDate "2025.02.21"]
[SourceQuality "1"]

1. e4 c6 2. d4 d5 3. e5 Bf5 4. h4 h5 5. Bd3 Bxd3 6. Qxd3 Qa5+ 7. b4 Qa6 8. e6 Qxd3 9. exf7+ Kxf7 10. cxd3 Nd7 11. Nf3 Nh6 12. Nc3 Nf5 13. Rb1 b5 14. a4 a6 15. a5 e6 16. Bf4 Be7 17. Kd2 Bf6 18. Ne2 Rac8 19. g3 Rhe8 20. Rhe1 g6 21. Rbc1 Be7 22. Kc3 Bf6 23. Be5 Nxe5 24. Nxe5+ Bxe5 25. dxe5 Ke7 26. d4 Rg8 27. f4 Rcf8 28. Rf1 Kd7 29. Kd3 Rh8 30. Rc3 Ra8 31. Rfc1 Rhc8 32. Rg1 Nh6 33. Nc1 Rc7 34. Nb3 Ke7 35. Rgc1 Rac8 36. Nc5 Ra7 37. Rg1 Kf7 38. Rc2 Ke7 39. Nb3 Kf7 40. Nd2 Rac7 41. Nf1 Rh8 42. Nh2 Nf5 43. Nf3 Nh6 44. Rgc1 Rhc8 45. Ng1 Nf5 46. Ne2 Ke7 47. Rg1 Nh6 48. Nc3 Rh8 49. Nd1 Kf7 50. Ne3 Nf5 51. Rh2 Rcc8 52. g4 hxg4 53. Rxg4 Ng7 1/2-1/2

[Event "Isle of Wight International"]
[Site "Ryde"]
[Date "2025.02.22"]
[Round "7.15"]
[White "Golding, Alex"]
[Black "Kovalskyi, Roman"]
[Result "1-0"]
[WhiteElo "2365"]
[BlackElo "2240"]
[PlyCount "147"]
[EventDate "2025.02.18"]
[EventType "swiss"]
[EventRounds "9"]
[EventCountry "ENG"]
[SourceTitle "BritBase"]
[Source "John Saunders"]
[SourceDate "2025.02.21"]
[SourceVersion "1"]
[SourceVersionDate "2025.02.21"]
[SourceQuality "1"]

1. d4 d5 2. Nf3 c5 3. e3 Nf6 4. Nbd2 Nc6 5. Bb5 Bg4 6. c4 cxd4 7. exd4 dxc4 8. O-O g6 9. Qa4 Bg7 10. Bxc6+ bxc6 11. Qxc6+ Bd7 12. Qxc4 O-O 13. Ne5 Be6 14. Qa4 Qb6 15. Rd1 Nd5 16. Nb3 Rfc8 17. Nd7 Qd6 18. Ndc5 Nb6 19. Qa6 Bc4 20. Qa5 Bd5 21. Qe1 Nc4 22. Nd3 a5 23. Nf4 a4 24. Nc5 Bc6 25. Qe2 Bb5 26. Ne4 Qd7 27. Nc3 Ba6 28. Qc2 Bb7 29. Be3 Bh6 30. a3 Nxe3 31. fxe3 Qg4 32. Qf2 Bc6 33. Rf1 Rab8 34. h3 Qf5 35. Qd2 Qd7 36. Rf2 Rb3 37. Nd3 Rb6 38. Ne5 Qe6 39. Ng4 Bg7 40. d5 Bxd5 41. Qxd5 h5 42. Nh2 Bxc3 43. Qxe6 Rxe6 44. bxc3 Rxe3 45. Rf4 Rexc3 46. Rxa4 e5 47. Re4 R8c5 48. Nf3 f6 49. a4 Ra5 50. Kf2 Kf7 51. Ra2 Ke6 52. Rb4 Rcc5 53. Nd2 Rc7 54. Nb3 Ra6 55. Rb5 Kf5 56. a5 h4 57. Rb6 Raa7 58. a6 g5 59. Na5 e4 60. Nc6 Ra8 61. a7 Kf4 62. Rb8 Raxa7 63. Nxa7 f5 64. Rb4 g4 65. Nb5 Rc1 66. hxg4 fxg4 67. Nd6 g3+ 68. Ke2 h3 69. Rxe4+ Kg5 70. gxh3 g2 71. Rg4+ Kh5 72. Ra5+ Kh6 73. Nf7+ Kh7 74. Rh5# 1-0

[Event "Isle of Wight International"]
[Site "Ryde"]
[Date "2025.02.22"]
[Round "7.16"]
[White "Derakhshani, Borna"]
[Black "Shearsby, Jude"]
[Result "1-0"]
[WhiteElo "2355"]
[BlackElo "2227"]
[PlyCount "57"]
[EventDate "2025.02.18"]
[EventType "swiss"]
[EventRounds "9"]
[EventCountry "ENG"]
[SourceTitle "BritBase"]
[Source "John Saunders"]
[SourceDate "2025.02.21"]
[SourceVersion "1"]
[SourceVersionDate "2025.02.21"]
[SourceQuality "1"]

1. e4 c5 2. Nf3 d6 3. d4 cxd4 4. Nxd4 Nf6 5. Nc3 g6 6. Be3 Bg7 7. f3 Nc6 8. Qd2 O-O 9. Bc4 Bd7 10. O-O-O Rc8 11. Bb3 Ne5 12. Bh6 Nc4 13. Bxc4 Rxc4 14. Bxg7 Kxg7 15. g4 Qa5 16. Nb3 Qa6 17. h4 Rfc8 18. e5 dxe5 19. g5 Bf5 20. gxf6+ exf6 21. h5 gxh5 22. Rxh5 Rf4 23. Rxf5 Rxf5 24. Ne4 Rf4 25. Rg1+ Kf8 26. Qb4+ Ke8 27. Rg8+ Kd7 28. Nbc5+ Rxc5 29. Nxc5+ 1-0

[Event "Isle of Wight International"]
[Site "Ryde"]
[Date "2025.02.22"]
[Round "7.17"]
[White "Tomaszewski, Kacper"]
[Black "Zhang, Junyi"]
[Result "1-0"]
[WhiteElo "2348"]
[BlackElo "2096"]
[PlyCount "73"]
[EventDate "2025.02.18"]
[EventType "swiss"]
[EventRounds "9"]
[EventCountry "ENG"]
[SourceTitle "BritBase"]
[Source "John Saunders"]
[SourceDate "2025.02.21"]
[SourceVersion "1"]
[SourceVersionDate "2025.02.21"]
[SourceQuality "1"]

1. c4 Nf6 2. Nf3 e6 3. g3 d5 4. Bg2 dxc4 5. O-O c5 6. Na3 Be7 7. Nxc4 O-O 8. b3 Bd7 9. Nfe5 Bc6 10. Nxc6 Nxc6 11. Bxc6 bxc6 12. Qc2 Qd5 13. Bb2 Rfd8 14. d3 Rac8 15. Ne5 h5 16. Rfd1 h4 17. e4 Qd6 18. Rac1 hxg3 19. hxg3 Qc7 20. Bc3 Nd7 21. Qb2 g6 22. Ng4 Bf8 23. Bf6 Re8 24. f4 e5 25. fxe5 Re6 26. Qh2 Bg7 27. Bxg7 Kxg7 28. Qh6+ Kg8 29. Kg2 Rxe5 30. Rh1 Rh5 31. Rxh5 gxh5 32. Rxc5 Qxg3+ 33. Kxg3 h4+ 34. Kh3 f5 35. Rxf5 Rf8 36. Qg6+ Kh8 37. Rh5# 1-0

[Event "Isle of Wight International"]
[Site "Ryde"]
[Date "2025.02.22"]
[Round "7.19"]
[White "Brewer, Callum D"]
[Black "Camacho Collados, Jose"]
[Result "1/2-1/2"]
[WhiteElo "2122"]
[BlackElo "2345"]
[PlyCount "172"]
[EventDate "2025.02.18"]
[EventType "swiss"]
[EventRounds "9"]
[EventCountry "ENG"]
[SourceTitle "BritBase"]
[Source "John Saunders"]
[SourceDate "2025.02.21"]
[SourceVersion "1"]
[SourceVersionDate "2025.02.21"]
[SourceQuality "1"]

1. e4 c5 2. Nf3 Nc6 3. Bb5 e5 4. O-O Bd6 5. c3 a6 6. Bxc6 dxc6 7. d4 exd4 8. cxd4 Bg4 9. dxc5 Bxc5 10. Qc2 Ba7 11. Nbd2 Qc7 12. b4 O-O-O 13. Bb2 f6 14. a4 Bb8 15. e5 Rd5 16. Nc4 Ne7 17. Nd6+ Rxd6 18. exd6 Qxd6 19. Rfd1 Nd5 20. Qe4 Bxf3 21. Qf5+ Kd8 22. Qxf3 Qxh2+ 23. Kf1 Qh1+ 24. Ke2 Re8+ 25. Kd3 Qh4 26. g4 Qh2 27. b5 Ba7 28. bxc6 bxc6 29. Rac1 Bxf2 30. Kc4 Re6 31. Rc2 Qd6 32. Ba3 Re3 33. Bxd6 Rxf3 34. Bc5 Rf4+ 35. Kb3 Bxc5 36. Rxc5 Kd7 37. Ra5 Rb4+ 38. Ka3 Rxg4 39. Rxa6 Rg3+ 40. Kb2 Kc7 41. Ra8 Kb7 42. Rh8 h6 43. a5 f5 44. Ra1 Nb4 45. Rf8 f4 46. Rd1 f3 47. Rd7+ Ka6 48. Kb3 Nd5 49. Kc4 Ne3+ 50. Kc5 Rg5+ 51. Kxc6 Kxa5 52. Rxf3 Nc4 53. Rd5+ Rxd5 54. Kxd5 Nb6+ 55. Ke6 Kb5 56. Kf7 g5 57. Kg6 Kc5 58. Kxh6 g4 59. Rg3 Nc4 60. Rxg4 Kd5 61. Kg5 Ne5 62. Ra4 Nc4 63. Kf4 Kd4 64. Ra8 Kd5 65. Rd8+ Nd6 66. Rh8 Kd4 67. Rh1 Kd5 68. Rd1+ Ke6 69. Rd3 Nc4 70. Ke4 Nd6+ 71. Kd4 Nf5+ 72. Kc5 Ke5 73. Rd8 Ng7 74. Rd5+ Ke4 75. Rd1 Ne6+ 76. Kd6 Nd4 77. Re1+ Kf4 78. Kd5 Nf3 79. Re8 Nd2 80. Re7 Nf3 81. Re2 Kf5 82. Re4 Ng5 83. Re8 Kf4 84. Kd4 Nf3+ 85. Kd3 Ne5+ 86. Rxe5 Kxe5 1/2-1/2

[Event "Isle of Wight International"]
[Site "Ryde"]
[Date "2025.02.22"]
[Round "7.20"]
[White "Pereslavtsev, Alexandr"]
[Black "Radeva, Viktoria"]
[Result "0-1"]
[WhiteElo "1946"]
[BlackElo "2303"]
[PlyCount "60"]
[EventDate "2025.02.18"]
[EventType "swiss"]
[EventRounds "9"]
[EventCountry "ENG"]
[SourceTitle "BritBase"]
[Source "John Saunders"]
[SourceDate "2025.02.21"]
[SourceVersion "1"]
[SourceVersionDate "2025.02.21"]
[SourceQuality "1"]

1. d4 e6 2. c4 f5 3. Nf3 Nf6 4. g3 d5 5. Bg2 Be7 6. Nc3 c6 7. O-O Ne4 8. Qc2 Nd7 9. e3 h5 10. Rb1 a5 11. b3 h4 12. a3 hxg3 13. fxg3 Bd6 14. cxd5 cxd5 15. Nxe4 dxe4 16. Nh4 Qg5 17. Rf4 Nf6 18. Qc4 Bxf4 19. exf4 Qg4 20. Bd2 Bd7 21. Qc7 Rc8 22. Qxa5 Nd5 23. Re1 Rxh4 24. gxh4 Rc2 25. Kh1 Nxf4 26. Rg1 e3 27. Qa8+ Rc8 28. Bxb7 Rxa8 29. Rxg4 fxg4 30. Bxe3 Rb8 0-1

[Event "Isle of Wight International"]
[Site "Ryde"]
[Date "2025.02.22"]
[Round "7.21"]
[White "Dorrance, Adam"]
[Black "Liu, Jack"]
[Result "1-0"]
[WhiteElo "2284"]
[BlackElo "2141"]
[PlyCount "51"]
[EventDate "2025.02.18"]
[EventType "swiss"]
[EventRounds "9"]
[EventCountry "ENG"]
[SourceTitle "BritBase"]
[Source "John Saunders"]
[SourceDate "2025.02.21"]
[SourceVersion "1"]
[SourceVersionDate "2025.02.21"]
[SourceQuality "1"]

1. d4 Nf6 2. c4 g6 3. Nf3 Bg7 4. g3 O-O 5. Bg2 c6 6. Nc3 d5 7. O-O dxc4 8. e4 b5 9. Qe2 a5 10. Rd1 Na6 11. d5 cxd5 12. e5 Ng4 13. h3 Nh6 14. Nxd5 Qe8 15. Bg5 Nf5 16. g4 f6 17. Bc1 Ra7 18. gxf5 Bxf5 19. exf6 exf6 20. Qxe8 Rxe8 21. Be3 Rd7 22. Nd4 Bd3 23. Nxb5 f5 24. Nb6 Rdd8 25. Nc3 Rb8 26. Bd5+ 1-0

[Event "Isle of Wight International"]
[Site "Ryde"]
[Date "2025.02.22"]
[Round "7.22"]
[White "Dickenson, Neil F"]
[Black "Schell, Finn"]
[Result "0-1"]
[WhiteElo "2283"]
[BlackElo "1887"]
[PlyCount "124"]
[EventDate "2025.02.18"]
[EventType "swiss"]
[EventRounds "9"]
[EventCountry "ENG"]
[SourceTitle "BritBase"]
[Source "John Saunders"]
[SourceDate "2025.02.21"]
[SourceVersion "1"]
[SourceVersionDate "2025.02.21"]
[SourceQuality "1"]

1. e4 c6 2. d4 d5 3. e5 c5 4. dxc5 e6 5. a3 Bxc5 6. b4 Be7 7. Nf3 f6 8. Bb2 a5 9. b5 Nd7 10. c4 Nxe5 11. Nxe5 fxe5 12. cxd5 Nf6 13. Bxe5 Qxd5 14. Qxd5 exd5 15. Nc3 Be6 16. Bd4 O-O 17. Bd3 Rac8 18. O-O Bc5 19. Bxc5 Rxc5 20. Na4 Rc7 21. Rfe1 Kf7 22. f3 g6 23. Re2 Re8 24. Kf2 Nd7 25. b6 Rcc8 26. Bb5 Re7 27. Rae1 Nc5 28. Nb2 Nb3 29. Nd3 Nd4 30. Rb2 Rc2+ 31. Rxc2 Nxc2 32. Rc1 Nxa3 33. Rc5 Kf6 34. Nb2 Nxb5 35. Rxb5 a4 36. Nxa4 Bd7 37. Rb4 Bxa4 38. Rxa4 Re6 39. Rb4 Ke7 40. f4 Kd6 41. g4 Kc5 42. Rb2 Rxb6 43. Re2 Rb4 44. Kg3 d4 45. f5 d3 46. Rf2 gxf5 47. gxf5 Rd4 48. f6 Rd8 49. f7 Rf8 50. Rf5+ Kd6 51. Rf3 d2 52. Rd3+ Kc5 53. Rxd2 Rxf7 54. Rd8 b5 55. Rc8+ Kd4 56. Rb8 Kc4 57. h4 b4 58. h5 b3 59. Rc8+ Kd3 60. Rb8 Kc2 61. Rc8+ Kb1 62. h6 Rf6 0-1

[Event "Isle of Wight International"]
[Site "Ryde"]
[Date "2025.02.22"]
[Round "7.23"]
[White "Bin-Suhayl, Ieysaa"]
[Black "Khoury, Theo"]
[Result "0-1"]
[WhiteElo "2228"]
[BlackElo "2124"]
[PlyCount "82"]
[EventDate "2025.02.18"]
[EventType "swiss"]
[EventRounds "9"]
[EventCountry "ENG"]
[SourceTitle "BritBase"]
[Source "John Saunders"]
[SourceDate "2025.02.21"]
[SourceVersion "1"]
[SourceVersionDate "2025.02.21"]
[SourceQuality "1"]

1. d4 d5 2. c4 e6 3. Nc3 Nf6 4. cxd5 exd5 5. Bg5 c6 6. e3 h6 7. Bh4 Be7 8. Bd3 O-O 9. Nge2 Re8 10. O-O Nbd7 11. a4 Nh5 12. Bxe7 Qxe7 13. a5 a6 14. Na4 Nhf6 15. Qc2 Nf8 16. h3 Be6 17. Rfe1 N8d7 18. Ng3 Rac8 19. Rac1 Qb4 20. Qc3 Qd6 21. b4 Nf8 22. Nc5 Rc7 23. Bc2 Rce7 24. Nd3 Ng6 25. Ne5 Nh4 26. f4 Bc8 27. Rb1 Ne4 28. Nxe4 dxe4 29. Bxe4 f6 30. Nc4 Qe6 31. Bc2 Nxg2 32. f5 Qd5 33. e4 Rxe4 34. Rxe4 Rxe4 35. Nb6 Qxf5 36. Nxc8 Nf4 37. Qc4+ Kh8 38. Bxe4 Qxe4 39. Rb2 Qe3+ 40. Kh2 Qxh3+ 41. Kg1 Qxc8 0-1

[Event "Isle of Wight International"]
[Site "Ryde"]
[Date "2025.02.22"]
[Round "7.24"]
[White "Li, Harry"]
[Black "Ng, Jun Fung Isaac"]
[Result "1-0"]
[WhiteElo "2204"]
[BlackElo "2034"]
[PlyCount "109"]
[EventDate "2025.02.18"]
[EventType "swiss"]
[EventRounds "9"]
[EventCountry "ENG"]
[SourceTitle "BritBase"]
[Source "John Saunders"]
[SourceDate "2025.02.21"]
[SourceVersion "1"]
[SourceVersionDate "2025.02.21"]
[SourceQuality "1"]

1. e4 c5 2. Nf3 g6 3. d4 cxd4 4. Nxd4 Bg7 5. c4 Nc6 6. Be3 Qb6 7. Nb3 Qd8 8. Qd2 Nf6 9. f3 d6 10. Nc3 O-O 11. Be2 Be6 12. Nd4 Nxd4 13. Bxd4 Qa5 14. b3 Rfc8 15. Rd1 a6 16. a4 Qb4 17. O-O Qxb3 18. Rb1 Qa3 19. Nd5 Bxd5 20. exd5 Qxa4 21. Rxb7 Rxc4 22. Bxc4 Qxc4 23. Rd1 Qxd5 24. Rxe7 a5 25. Ra7 a4 26. Rxa8+ Qxa8 27. Qb4 a3 28. Qxd6 Qa4 29. Qd8+ Ne8 30. Bxg7 Kxg7 31. Qd4+ Qxd4+ 32. Rxd4 Nc7 33. Ra4 Nb5 34. Ra5 a2 35. Rxa2 Nd4 36. Ra6 Ne6 37. Kf2 Kf6 38. Ke3 Kg7 39. Rb6 h6 40. Ke4 Kf6 41. h4 Kg7 42. Ke5 Nf8 43. Rd6 Nh7 44. Rd1 Nf6 45. g4 Nh7 46. Rd6 Nf8 47. Rd8 Ne6 48. Rd7 Nf8 49. Ra7 Ne6 50. Rb7 Nf8 51. Rb1 Nd7+ 52. Kd6 Nf8 53. Ke7 Ne6 54. Rb4 Nc5 55. Rf4 1-0

[Event "Isle of Wight International"]
[Site "Ryde"]
[Date "2025.02.22"]
[Round "7.25"]
[White "Damodaran, Patrick"]
[Black "Tsakiris, Haralambos"]
[Result "0-1"]
[WhiteElo "2072"]
[BlackElo "2178"]
[PlyCount "150"]
[EventDate "2025.02.18"]
[EventType "swiss"]
[EventRounds "9"]
[EventCountry "ENG"]
[SourceTitle "BritBase"]
[Source "John Saunders"]
[SourceDate "2025.02.21"]
[SourceVersion "1"]
[SourceVersionDate "2025.02.21"]
[SourceQuality "1"]

1. e4 c5 2. Nf3 Nc6 3. d4 cxd4 4. Nxd4 g6 5. c4 Bg7 6. Be3 Nf6 7. Nc3 O-O 8. Be2 d6 9. O-O Bd7 10. Kh1 Nxd4 11. Bxd4 Bc6 12. f3 a5 13. Nd5 Bxd5 14. cxd5 Nd7 15. Bxg7 Kxg7 16. Qd4+ f6 17. f4 Qb6 18. Qd2 Nc5 19. Qd4 Qb4 20. Rfd1 Rfc8 21. Bf3 Ra6 22. Rac1 Rb6 23. Rc2 Qxd4 24. Rxd4 Rb4 25. Rxb4 axb4 26. b3 Ra8 27. Rd2 Rc8 28. Rc2 Ra8 29. Rd2 Kf8 30. Kg1 Ke8 31. Kf1 Kd8 32. Ke1 Kc7 33. Kd1 Kb6 34. Kc1 Rc8 35. Kb2 Na6 36. Rd4 Ka5 37. h4 b5 38. Rd1 Rc3 39. Rc1 Rxc1 40. Kxc1 Kb6 41. Kd2 Kc5 42. Ke3 f5 43. h5 Nc7 44. hxg6 hxg6 45. g4 fxe4 46. Bxe4 Nxd5+ 47. Kf3 e5 48. fxe5 dxe5 49. Bxg6 Kd4 50. g5 Nc3 51. Bh5 e4+ 52. Kf4 e3 53. g6 Nd5+ 54. Kf3 Kd3 55. g7 Nf6 56. Kg2 Kd2 57. Kf1 Nxh5 58. g8=Q e2+ 59. Kg2 e1=Q 60. Qd5+ Kc3 61. Qxh5 Qd2+ 62. Kf1 Qd3+ 63. Kf2 Kb2 64. Qg4 Qd2+ 65. Kf1 Kxa2 66. Qf5 Qc1+ 67. Ke2 Qb2+ 68. Ke3 Qxb3+ 69. Kd2 Qb2+ 70. Ke3 Qc3+ 71. Ke2 Qc4+ 72. Kd2 b3 73. Qf8 Qd5+ 74. Kc3 b2 75. Qf4 Qc4+ 0-1

[Event "Isle of Wight International"]
[Site "Ryde"]
[Date "2025.02.22"]
[Round "7.26"]
[White "Steiners, Emils"]
[Black "Fellowes, Billy"]
[Result "0-1"]
[WhiteElo "2237"]
[BlackElo "2066"]
[PlyCount "72"]
[EventDate "2025.02.18"]
[EventType "swiss"]
[EventRounds "9"]
[EventCountry "ENG"]
[SourceTitle "BritBase"]
[Source "John Saunders"]
[SourceDate "2025.02.21"]
[SourceVersion "1"]
[SourceVersionDate "2025.02.21"]
[SourceQuality "1"]

1. d4 Nf6 2. c4 g6 3. Nc3 Bg7 4. e4 d6 5. h3 O-O 6. Be3 c5 7. d5 e6 8. Bd3 exd5 9. exd5 Nfd7 10. Nf3 Ne5 11. Nxe5 Bxe5 12. O-O Qh4 13. Ne4 h6 14. f4 Bxb2 15. Rb1 Bg7 16. Qf3 Bf5 17. Bf2 Qe7 18. Rbe1 Bxe4 19. Bxe4 Qf6 20. g4 Nd7 21. h4 Rae8 22. Kg2 Qc3 23. Bd3 Nf6 24. Rc1 Qa3 25. Rcd1 h5 26. gxh5 Nxh5 27. f5 Qc3 28. Rg1 Re5 29. Qg4 b5 30. cxb5 Rxd5 31. Bc4 Rxf5 32. Rc1 Qd2 33. Rgf1 Rxf2+ 34. Rxf2 Qxc1 35. Bb3 Qe3 36. Qc4 d5 0-1

[Event "Isle of Wight International"]
[Site "Ryde"]
[Date "2025.02.22"]
[Round "7.27"]
[White "Venkatesan, Kavin"]
[Black "Brett, Andrew R"]
[Result "1-0"]
[WhiteElo "2227"]
[BlackElo "2047"]
[PlyCount "91"]
[EventDate "2025.02.18"]
[EventType "swiss"]
[EventRounds "9"]
[EventCountry "ENG"]
[SourceTitle "BritBase"]
[Source "John Saunders"]
[SourceDate "2025.02.21"]
[SourceVersion "1"]
[SourceVersionDate "2025.02.21"]
[SourceQuality "1"]

1. c4 Nf6 2. Nc3 c5 3. g3 d5 4. cxd5 Nxd5 5. Bg2 Nc7 6. Nf3 Nc6 7. d3 e5 8. Be3 Be7 9. Rc1 O-O 10. O-O f6 11. Na4 b6 12. Ng5 fxg5 13. Bxc6 Bh3 14. Qb3+ Kh8 15. Rfd1 Rc8 16. Nc3 Ne6 17. Bg2 Bxg2 18. Qxe6 Bb7 19. Ne4 h6 20. Qxe5 Qd7 21. f3 Bf6 22. Qd6 Qf7 23. Nxf6 gxf6 24. g4 Rfe8 25. Bf2 Rcd8 26. Qg3 Rxe2 27. d4 c4 28. b3 cxb3 29. Rc7 Qd5 30. Qh3 Rd7 31. Qxh6+ Kg8 32. Qg6+ Kh8 33. Qxf6+ Kh7 34. Rxd7+ Qxd7 35. axb3 Qc7 36. Qxg5 Qf7 37. f4 Qc7 38. Qf5+ Kg8 39. d5 a5 40. Qg6+ Kf8 41. Qd3 Ba6 42. Qxa6 Rxf2 43. Kxf2 Qxf4+ 44. Ke2 Qxg4+ 45. Kd2 Qf4+ 46. Kc2 1-0

[Event "Isle of Wight International"]
[Site "Ryde"]
[Date "2025.02.22"]
[Round "7.28"]
[White "Toma, Katarzyna"]
[Black "Sanitt, Ethan"]
[Result "0-1"]
[WhiteElo "2199"]
[BlackElo "2040"]
[PlyCount "80"]
[EventDate "2025.02.18"]
[EventType "swiss"]
[EventRounds "9"]
[EventCountry "ENG"]
[SourceTitle "BritBase"]
[Source "John Saunders"]
[SourceDate "2025.02.21"]
[SourceVersion "1"]
[SourceVersionDate "2025.02.21"]
[SourceQuality "1"]

1. e4 e6 2. d4 d5 3. Nc3 Bb4 4. e5 c5 5. a3 Bxc3+ 6. bxc3 Qc7 7. h4 Bd7 8. h5 Ba4 9. Ra2 Ne7 10. h6 gxh6 11. Nf3 Nbc6 12. Bxh6 cxd4 13. cxd4 Nf5 14. g4 Nxh6 15. Rxh6 O-O-O 16. Be2 Rdg8 17. Rh4 Rg7 18. Kf1 Rhg8 19. g5 Qb6 20. Qc1 Bb5 21. Bd3 Kb8 22. Qb2 Bxd3+ 23. cxd3 Qd8 24. Qc1 Ne7 25. Rb2 Qd7 26. Ke2 Nf5 27. Rh5 Qa4 28. Rb4 Qa6 29. Qb2 Rc8 30. Nd2 Qc6 31. a4 Rc7 32. a5 Ka8 33. Rh1 Rxg5 34. Rxh7 Rg8 35. Rh1 Rgc8 36. Rb1 Qa6 37. Rb5 Qxb5 38. Qxb5 Nxd4+ 39. Ke3 Nxb5 40. Rxb5 Rc5 0-1

[Event "Isle of Wight International"]
[Site "Ryde"]
[Date "2025.02.22"]
[Round "7.29"]
[White "Looi, Xin Hao"]
[Black "Zheng, Harry Z"]
[Result "0-1"]
[WhiteElo "2043"]
[BlackElo "2198"]
[PlyCount "66"]
[EventDate "2025.02.18"]
[EventType "swiss"]
[EventRounds "9"]
[EventCountry "ENG"]
[SourceTitle "BritBase"]
[Source "John Saunders"]
[SourceDate "2025.02.21"]
[SourceVersion "1"]
[SourceVersionDate "2025.02.21"]
[SourceQuality "1"]

1. d4 Nf6 2. Nc3 d5 3. Bg5 c5 4. e3 e6 5. Nf3 Nc6 6. a3 a6 7. Be2 cxd4 8. exd4 Be7 9. O-O O-O 10. Re1 Bd7 11. Bd3 h6 12. Bh4 b5 13. Ne2 b4 14. a4 a5 15. Nc1 Bc8 16. Ne5 Nxe5 17. dxe5 Nd7 18. Bxe7 Qxe7 19. Nb3 Nc5 20. Nd4 Ba6 21. Bb5 Bxb5 22. axb5 a4 23. Re3 Ne4 24. f3 Nc5 25. Qe2 Nd7 26. c3 a3 27. Nc6 Qc5 28. cxb4 axb2 29. Rf1 Qc1 30. Rb3 Ra2 31. Qf2 Rfa8 32. Na5 Rb8 33. Qa7 Ra1 0-1